<?xml version="1.0" encoding="UTF-8"?>
<record
    xmlns:xsi="http://www.w3.org/2001/XMLSchema-instance"
    xsi:schemaLocation="http://www.loc.gov/MARC21/slim http://www.loc.gov/standards/marcxml/schema/MARC21slim.xsd"
    xmlns="http://www.loc.gov/MARC21/slim">

  <leader>00720nam a22002177i 4500</leader>
  <datafield tag="999" ind1=" " ind2=" ">
    <subfield code="c">23220</subfield>
    <subfield code="d">23220</subfield>
  </datafield>
  <controlfield tag="003">AR-CdUCM</controlfield>
  <controlfield tag="008">250224b20202020 pe||||| |||| 00| 0 SPA d</controlfield>
  <datafield tag="040" ind1=" " ind2=" ">
    <subfield code="a">MUNICIPALIDAD PROVINCIAL DEL CUSCO</subfield>
    <subfield code="c">BIBLIOTECA MUNICIPAL DEL CUSCO</subfield>
  </datafield>
  <datafield tag="082" ind1=" " ind2=" ">
    <subfield code="a">PI / 303 / C77</subfield>
    <subfield code="b">C77</subfield>
  </datafield>
  <datafield tag="100" ind1=" " ind2=" ">
    <subfield code="a">Cook, Julia /</subfield>
  </datafield>
  <datafield tag="245" ind1=" " ind2=" ">
    <subfield code="a">Soy Maravilloso :</subfield>
    <subfield code="b">&#xA1;Hay tanto que hacer a los 3 a&#xF1;os! /</subfield>
  </datafield>
  <datafield tag="260" ind1=" " ind2=" ">
    <subfield code="a">Cusco :</subfield>
    <subfield code="c">2020</subfield>
  </datafield>
  <datafield tag="300" ind1=" " ind2=" ">
    <subfield code="a">26 p&#xE1;ginas. :</subfield>
    <subfield code="b">Cuaderno anillado</subfield>
    <subfield code="c">30x21 cm.</subfield>
  </datafield>
  <datafield tag="505" ind1=" " ind2=" ">
    <subfield code="a">Hay tanto que hacer a los 3 a&#xF1;os</subfield>
  </datafield>
  <datafield tag="650" ind1=" " ind2=" ">
    <subfield code="a">Soy maravilloso</subfield>
    <subfield code="9">51039</subfield>
  </datafield>
  <datafield tag="700" ind1=" " ind2=" ">
    <subfield code="a">Jana MD., Laura A.</subfield>
    <subfield code="9">51040</subfield>
  </datafield>
  <datafield tag="700" ind1=" " ind2=" ">
    <subfield code="a">(Ilustrado por) Valentine, Allison</subfield>
    <subfield code="9">51041</subfield>
  </datafield>
  <datafield tag="942" ind1=" " ind2=" ">
    <subfield code="2">ddc</subfield>
    <subfield code="c">LIBROS</subfield>
  </datafield>
  <datafield tag="945" ind1=" " ind2=" ">
    <subfield code="a">pbjr</subfield>
    <subfield code="d">24-02-2025</subfield>
  </datafield>
  <datafield tag="952" ind1=" " ind2=" ">
    <subfield code="0">0</subfield>
    <subfield code="2">ddc</subfield>
    <subfield code="4">0</subfield>
    <subfield code="7">0</subfield>
    <subfield code="a">SI</subfield>
    <subfield code="b">SI</subfield>
    <subfield code="c">CART</subfield>
    <subfield code="d">2025-02-24</subfield>
    <subfield code="e">Donaci&#xF3;n</subfield>
    <subfield code="g">5.00</subfield>
    <subfield code="o">PI / 303 / C77 </subfield>
    <subfield code="p">SI00004951</subfield>
    <subfield code="r">2025-02-24</subfield>
    <subfield code="y">LIBROS</subfield>
  </datafield>
</record>
